000 00639cam a22002291a 4500
001 sa 68018606
003 DLC
005 20260227112713.0
008 840130q19001983io 000 0 ind
010 _asa 68018606
035 _a(OCoLC)10354632
040 _aDLC
_cOAU
_dOCoLC
_dDLC
041 0 _aindara
042 _apremarc
050 0 0 _aBP183.3
_b.T442
100 1 _aTekan, Ismael.
245 1 0 _aKumpulan 'amal /
_coleh Ismael Tekan.
260 _aMedan :
_bTaman Alfurqaan, Bhg. Pustaka,
_c[19--]
300 _a v. ;
_c21 cm.
500 _aIncludes some text in Arabic with Indonesian translation.
650 0 _aPrayer
_xIslam.
999 _c88533
_d88533